Statistics for Anime Quiz - One Minute Sprint

Click here to take the quiz!

General Stats

  • This quiz has been taken 142 times
  • The average score is 2 of 100

Answer Stats

RatingAnime% Correct
72Attack on Titan
54%
5Death Note
39%
14Fullmetal Alchemist
35%
25Hunter X Hunter
12%
6Code Geass: Lelouch of the Rebellion
10%
3Code Geass: Lelouch of the Rebellion R2
10%
59Gintama
10%
2Steins;Gate
10%
94One Punch Man
7%
9Monster
6%
4Cowboy Bebop
4%
1Fullmetal Alchemist: Brotherhood
4%
44Berserk
3%
34Ouran High School Host Club
3%
84ERASED
2%
37NANA
2%
74Neon Genesis Evangelion
2%
54Re:ZERO
2%
21Clannad
1%
12Hajime no Ippo
1%
96Kill la Kill
1%
8Mushi-Shi
1%
31Samurai Champloo
1%
62Trigun
1%
32Angel Beats!
0%
11Anohana: The Flower We Saw That Day
0%
61Azumanga Daioh
0%
16Baccano!
0%
70Bakemonogatari
0%
97Bakuman
0%
91Bamboo Blade
0%
51BECK: Mongolian Chop Squad
0%
83Black Lagoon
0%
47Black Lagoon: The Second Barrage
0%
52Chihayafuru
0%
100Claymore
0%
78Darker than Black
0%
56Den-noh Coil
0%
65Eden of the East
0%
28ef: a tale of memories
0%
82Elfen Lied
0%
79Eureka Seven
0%
58Fate/Zero
0%
98FLCL
0%
99Full Moon o Sagashite
0%
43Gankutsuou: The Count of Monte Cristo
0%
10 | 38Ghost in the Shell: Stand Alone Complex
0%
86Gosick
0%
15Great Teacher Onizuka
0%
67Gungrave
0%
13Gurren Lagann
0%
42Haibane Renmei
0%
81Hanasaku Iroha - Blossoms for Tomorrow
0%
53Hellsing Ultimate
0%
55Honey and Clover
0%
29Honey and Clover II
0%
19Kaleido Star
0%
18Kanon
0%
57Katanagatari
0%
89KenIchi the Mightiest Disciple
0%
30Kids on the Slope
0%
48Kimi ni Todoke - From Me to You
0%
22Kino's Journey
0%
75Last Exile
0%
35Looking Up At The Half-Moon
0%
90Lovely Complex
0%
69Macross Frontier
0%
7 | 33Maria Watches Over Us
0%
26Melancholy of Haruhi Suzumiya
0%
80Mobile Suit Gundam 00
0%
40Moribito - Guardian of the Spirit
0%
23Natsume's Book of Friends
0%
87Nichijou - My Ordinary Life
0%
17Nodame Cantabile
0%
60Nodame Cantabile: Paris
0%
27Planetes
0%
64Princess Tutu
0%
20Puella Magi Madoka Magica
0%
68R.O.D the TV
0%
49Romeo × Juliet
0%
66Rurouni Kenshin
0%
88School Rumble
0%
71School Rumble: 2nd Semester
0%
73Skip Beat!
0%
92Slayers Next
0%
63Spice and Wolf
0%
36Spice and Wolf II
0%
85Strawberry Panic!
0%
76Super Dimension Fortress Macross
0%
93Tiger & Bunny
0%
24Time of Eve
0%
41Toradora!
0%
46Tsubasa Tokyo Revelations
0%
50Twelve Kingdoms
0%
39Welcome to the NHK
0%
95Wolf's Rain
0%
77xxxHOLiC: Kei
0%
45Your Lie in April
0%

Score Distribution

Percentile by Number Answered

Percent of People with Each Score

Your Score History

You have not taken this quiz